|
|
|
|
| LEADER |
01428nam a2200337 4500 |
| 001 |
36815 |
| 003 |
BD-DhAAL |
| 005 |
20211124132214.0 |
| 008 |
191226t2019 fluad||| |||| 001 0 eng d |
| 999 |
|
|
|c 41569
|d 41569
|
| 020 |
|
|
|a 9781138598331
|
| 020 |
|
|
|a 9780429486395 (ebook)
|
| 040 |
|
|
|a BD-DhAAL
|
| 082 |
|
|
|a 631.875
|2 23
|
| 100 |
|
|
|a Singh, Jiwan
|9 38555
|
| 245 |
|
|
|a Bioavailability, leachability, chemical speciation, and bioremediation of heavy metals in the process of composting /
|c Jiwan Singh, Ajay Kalamdhad.
|
| 260 |
|
|
|a Boca Raton :
|b CRC Press, Taylor & Francis Group,
|c c2019
|
| 300 |
|
|
|a xix, 150 pages :
|b illustrations ;
|c 24 cm.
|
| 504 |
|
|
|a Includes bibliographical references and index.
|
| 526 |
|
|
|a PHR
|
| 541 |
|
|
|a Trim Education
|e 36815, 36816
|
| 650 |
|
|
|a Bioremediation.
|9 38556
|
| 650 |
|
|
|a Compost.
|9 38557
|
| 650 |
|
|
|a Heavy metals.
|9 38558
|
| 650 |
|
|
|a Speciation (Chemistry).
|9 38559
|
| 650 |
|
|
|a Pharmacy.
|9 38560
|
| 700 |
|
|
|a Kalamdhad, Ajay
|9 38561
|
| 852 |
|
|
|a Ayesha Abed Library
|c General Stacks
|
| 942 |
|
|
|2 ddc
|c BK
|
| 952 |
|
|
|0 0
|1 0
|2 ddc
|4 0
|6 631_875000000000000_SIN
|7 0
|9 67468
|a BRACUL
|b BRACUL
|c GEN
|d 2019-12-17
|e 1
|g 5230.00
|l 2
|m 3
|o 631.875 SIN
|p 3010036815
|r 2025-04-20
|s 2025-03-25
|t 1
|v 5230.00
|w 2019-12-17
|y BK
|
| 952 |
|
|
|0 0
|1 0
|2 ddc
|4 0
|6 631_875000000000000_SIN
|7 0
|9 67469
|a BRACUL
|b BRACUL
|c GEN
|d 2019-12-17
|e 1
|g 5230.00
|l 0
|o 631.875 SIN
|p 3010036816
|r 2019-12-17
|t 2
|v 5230.00
|w 2019-12-17
|y BK
|